| 000 | 00466nam a2200181Ia 4500 | ||
|---|---|---|---|
| 001 | 8074 | ||
| 005 | 20260306160542.0 | ||
| 008 | 260306t2020||||xx |||||||||||||| ||spa|| | ||
| 041 | _aESP | ||
| 082 |
_a370.1 _bK82 |
||
| 100 |
_aKristjánsson, Kristján, _eAUT |
||
| 245 | 0 |
_aFlourishing as the aim of education : _ba neo-aristotelian view |
|
| 260 | _c2020 | ||
| 300 |
_axi, 215 páginas : _c23 cm. |
||
| 650 | _aGEN | ||
| 654 | _aCED | ||
| 942 |
_cLIB _dJUS _fJUS _2ddc _n |
||
| 999 |
_c8074 _d8074 |
||